China bound (Record no. 130579)
[ view plain ]
| 000 -LEADER | |
|---|---|
| fixed length control field | 01707nam a2200373 a 4500 |
| 082 04 - DEWEY DECIMAL CLASSIFICATION NUMBER | |
| Classification number | 370.19/6 |
| 100 1# - MAIN ENTRY--AUTHOR NAME | |
| Personal name | Turner-Gottschang, Karen. |
| 245 10 - TITLE STATEMENT | |
| Title | China bound |
| 260 ## - PUBLICATION, DISTRIBUTION, ETC. (IMPRINT) | |
| Place of publication | Washington, D.C. : |
| Name of publisher | National Academy Press, |
| Year of publication | 1987. |
| 300 ## - PHYSICAL DESCRIPTION | |
| Number of Pages | xvi, 224 p. : |
| Other physical details | ill., map. |
| 650 #0 - SUBJECT ADDED ENTRY--TOPICAL TERM | |
| Topical Term | Foreign study |
| Topical Term | American students |
| Topical Term | Teachers, Foreign |
| 700 1# - ADDED ENTRY--PERSONAL NAME | |
| Personal name | Reed, Linda A. |
| 856 40 - ELECTRONIC LOCATION AND ACCESS | |
| Uniform Resource Identifier | http://site.ebrary.com/lib/rucke/Doc?id=10495437 |
No items available.
